Library Logo

Pioneer International University Library Catalogue

MATRIX CONTEMPORARY PRINTMAKING (Record no. 3144)

MARC details
000 -LEADER
fixed length control field 00253nam a22000977a 4500
005 - DATE AND TIME OF LATEST TRANSACTION
control field 20250901165403.0
008 - FIXED-LENGTH DATA ELEMENTS--GENERAL INFORMATION
fixed length control field 210319b ||||| |||| 00| 0 eng d
050 ## - LIBRARY OF CONGRESS CALL NUMBER
Classification number NE508.2 S26 2009
245 ## - TITLE STATEMENT
Title MATRIX CONTEMPORARY PRINTMAKING
Statement of responsibility, etc. SANDERS, JOE E.
942 ## - ADDED ENTRY ELEMENTS (KOHA)
Source of classification or shelving scheme Library of Congress Classification
Holdings
Withdrawn status Lost status Source of classification or shelving scheme Damaged status Not for loan Home library Current library Shelving location Date acquired Total checkouts Full call number Barcode Date last seen Price effective from Koha item type
    Library of Congress Classification     Main Library Main Library   03/19/2021   NE508.2 S26 2009 PIU0008655 03/19/2021 03/19/2021 Books